000 00523 a2200145 4500
020 _a0123694590
040 _aDLC
_bDLC
100 1 _aWolf, Wayne.
245 1 0 _aComputers as components: principle of embedded computing system design
_bprinciple of embedded computing system design
_cWayne Wolf.
260 _aAmsterdam :
_bMorgan Kaufmann Publishers, an imprint of Elsevier Science,
_cc2005.
300 _a656 p. :
_bill. ;
_c24 cm.
650 0 _aSystem design.
650 0 _aSystems engineering.
942 _cBK
_k004.21 WOL
_2ddc
999 _c9699
_d9699